000 00455cam a2200181ua 4500
020 _c1.25
041 _amal
_h
082 _a894.812301
_bKAR/KA
100 _aKarunakaran, Pattathuvila .
245 _aKanne madanguka /
_cPattathuvila Karunakaran.
_hTextual Documents
250 _a1 /
_b.
260 _aChittattumukku :
_bJanatha books ,
_c1957.
300 _a107 ; .
365 _a1.25
504 _a
942 _cBK
999 _c12570
_d12570